LEADER 03133nam 22005173u 450 001 9910781191503321 005 20230124183352.0 010 $a0-19-157352-3 035 $a(CKB)2550000000005193 035 $a(EBL)472094 035 $a(OCoLC)609850388 035 $a(MiAaPQ)EBC472094 035 $a(EXLCZ)992550000000005193 100 $a20130418d2009|||| u|| | 101 0 $aeng 135 $aur|n|---||||| 200 14$aThe Complete Works of Gerrard Winstanley$b[electronic resource] 210 $aOxford $cOUP Oxford$d2009 215 $a1 online resource (472 p.) 300 $aDescription based upon print version of record. 311 $a0-19-957606-8 327 $aContents; A Declaration to the Powers of England (The True Levellers Standard Advanced); A Declaration from the Poor Oppressed People of England; A Letter to the Lord Fairfax, and his Councell of War; A Declaration of the Bloudie and Unchristian Acting of William Star and John Taylor; An Appeal to the House of Commons; A Watch-word to the City of London, and the Armie; A New-yeers Gift for the Parliament and Armie; Englands Spirit Unfoulded. Or an Incouragement to Take the Engagement; Fire in the Bush 327 $aA Vindication of those, whose endeavors is Only to Make the Earth a Common Treasury, Called DiggersAn Appeale to All Englishmen; An Humble Request to the Ministers of both Universities, and to All Lawyers in Every Inns-a-Court; The Law of Freedom in a Platform: Or, True Magistracy Restored; Manuscripts Associated with Winstanley; Writings by Winstanley Appearing in Other Publications; Biographical Appendix; Index 330 $aThis is the first edition of the complete works of Gerrard Winstanley (1609-76), the foremost radical English thinker and activist of the English Revolution. It is the only edition to observe the standards of modern scholarly editing. The editorial team combines the expertise of acclaimed prize-winning literary scholars and a leading historian of seventeenth-century England. It sets a new standard in the presentation of controversial prose of the period of the English Civil War. Itssubstantial introduction establishes Winstanley's distinctive contributions to political thought and radical reli 606 $aGreat Britain --History --Civil War, 1642-1649 606 $aGreat Britain --History --Puritan Revolution, 1642-1660 606 $aLevellers 606 $aPolitical science 607 $aGreat Britain$xHistory$yPuritan Revolution, 1642-1660 607 $aGreat Britain$xHistory$yCivil War, 1642-1649 615 4$aGreat Britain --History --Civil War, 1642-1649. 615 4$aGreat Britain --History --Puritan Revolution, 1642-1660. 615 4$aLevellers. 615 4$aPolitical science. 676 $a828.409 676 $a942.062 700 $aCorns$b Thomas N$0546194 701 $aHughes$b Ann$0615123 701 $aLoewenstein$b David$0551046 801 0$bAU-PeEL 801 1$bAU-PeEL 801 2$bAU-PeEL 906 $aBOOK 912 $a9910781191503321 996 $aThe Complete Works of Gerrard Winstanley$93689550 997 $aUNINA LEADER 00970nam 2200325 450 001 996681381303316 005 20251016122613.0 010 $a978-0-19-876624-7 100 $a20251016d2021----km y0itay5003 ba 101 0 $aeng 102 $aUS 105 $aaaa 001yy 200 1 $aFRCS trauma and orthopaedics viva$gedited by Nev Davies ...[et al.] 205 $a2. ed. 210 $aNew York, N.Y.$cOxford University Press$d2021 215 $a249 p.$cill.$d24 cm 225 2 $aOxford higher specialty training 410 0$1001$12001$aOxford higher specialty training 606 0 $aOrtopedia$2BNCF 606 0 $aTraumatologia$2BNCF 676 $a616.7 702 1$aDAVIES,$bNev 801 0$aIT$bcba$gREICAT 912 $a996681381303316 951 $a616.7 FRC 1$b4707 Med.$c616.7$d00338320 951 $a616.7 FRC 1 a$b4708 Med.$c616.7$d00338321 959 $aBK 969 $aMED 996 $aFRCS trauma and orthopaedics viva$94444599 997 $aUNISA